Advanced Corporate Finance: (Record no. 7662)

MARC details
000 -LEADER
fixed length control field 00554nam a22001937a 4500
003 - CONTROL NUMBER IDENTIFIER
control field OSt
005 - DATE AND TIME OF LATEST TRANSACTION
control field 20220201113718.0
008 - FIXED-LENGTH DATA ELEMENTS--GENERAL INFORMATION
fixed length control field 220201b ||||| |||| 00| 0 eng d
020 ## - INTERNATIONAL STANDARD BOOK NUMBER
International Standard Book Number 0-13-091568-8
040 ## - CATALOGING SOURCE
Transcribing agency DDC
082 ## - DEWEY DECIMAL CLASSIFICATION NUMBER
Classification number 658.15
100 ## - MAIN ENTRY--PERSONAL NAME
Personal name Ogden,Joseph P ;Jen Frank C
9 (RLIN) 15670
245 ## - TITLE STATEMENT
Title Advanced Corporate Finance:
Remainder of title policies and strategy
260 ## - PUBLICATION, DISTRIBUTION, ETC. (IMPRINT)
Place of publication, distribution, etc. New Jersey:
Name of publisher, distributor, etc. prentice Hall;
Date of publication, distribution, etc. 2002
300 ## - PHYSICAL DESCRIPTION
Extent xviii,702p.
Other physical details ill:
Dimensions 23cm
504 ## - BIBLIOGRAPHY, ETC. NOTE
Bibliography, etc includes bibliographical references and index
650 ## - SUBJECT ADDED ENTRY--TOPICAL TERM
Source of heading or term corporate finance
942 ## - ADDED ENTRY ELEMENTS (KOHA)
Source of classification or shelving scheme Dewey Decimal Classification
Koha item type Book
Holdings
Withdrawn status Lost status Source of classification or shelving scheme Damaged status Not for loan Home library Current library Date acquired Source of acquisition Inventory number Total Checkouts Full call number Barcode Date last seen Price effective from Koha item type
    Dewey Decimal Classification     Faculty of Management Science Library Faculty of Management Science Library 01/02/2022 Purchase 15/4851   658.15 2022-0123 01/02/2022 01/02/2022 Book
    Dewey Decimal Classification     Faculty of Management Science Library Faculty of Management Science Library 01/02/2022 Purchase 15/4850   658.15 2022-0124 01/02/2022 01/02/2022 Book
    Dewey Decimal Classification     Faculty of Management Science Library Faculty of Management Science Library 01/02/2022   15/4853   658.15 2022-0125 01/02/2022 01/02/2022 Book
    Dewey Decimal Classification     Faculty of Management Science Library Faculty of Management Science Library 01/02/2022   15/4852   658.15 2022-0126 01/02/2022 01/02/2022 Book
    Dewey Decimal Classification     Faculty of Management Science Library Faculty of Management Science Library 01/02/2022 Purchase 15/4849   658.15 2022-0127 01/02/2022 01/02/2022 Book